Die dominante und andere erzählungen. (Record no. 3022)

MARC details
000 -LEADER
fixed length control field 00668cam a22002171 4500
001 - CONTROL NUMBER
control field af 47005261
003 - CONTROL NUMBER IDENTIFIER
control field DLC
005 - DATE AND TIME OF LATEST TRANSACTION
control field 20260227110830.0
008 - FIXED-LENGTH DATA ELEMENTS--GENERAL INFORMATION
fixed length control field 870305s1944 gw 000 0 ger c
010 ## - LIBRARY OF CONGRESS CONTROL NUMBER
LC control number af 47005261
035 ## - SYSTEM CONTROL NUMBER
System control number (OCoLC)15275268
040 ## - CATALOGING SOURCE
Original cataloging agency Cincinnati. Univ. Libr.
Transcribing agency TNJ
Modifying agency DLC
042 ## - AUTHENTICATION CODE
Authentication code premarc
050 00 - LIBRARY OF CONGRESS CALL NUMBER
Classification number PT2607.E33
Item number D6
100 1# - MAIN ENTRY--PERSONAL NAME
Personal name Dehnert, Max,
Dates associated with a name 1893-
245 14 - TITLE STATEMENT
Title Die dominante und andere erzählungen.
260 ## - PUBLICATION, DISTRIBUTION, ETC.
Place of publication, distribution, etc. Leipzig,
Name of publisher, distributor, etc. H. H. Kreisel
Date of publication, distribution, etc. [1944]
300 ## - PHYSICAL DESCRIPTION
Extent 168, [2] p.
Dimensions 18 cm.
500 ## - GENERAL NOTE
General note "Zweite auflage: 8.-17. tausend, 1944."
505 0# - FORMATTED CONTENTS NOTE
Formatted contents note Die dominante.--Dame in Trauer.--An der grenze.--Die schwankung der ekliptik.

No items available.

Powered by Koha